| 000 | 00963nam a2200289 i 4500 | ||
|---|---|---|---|
| 003 | EG-GICUC | ||
| 005 | 20260510121234.0 | ||
| 008 | 260510s2006 fr ||||fr|||| 00| 0 fre d | ||
| 020 | _a2275030824 | ||
| 040 |
_aEG-GiCUC _bfre _cEG-GiCUC _dEG-GiCUC _eRda |
||
| 082 | 0 | 4 |
_221 _a345.6233 _bBO . P |
| 092 | 0 | 4 | _221 |
| 099 | _aLaw1 07 345.6233 BO . P 2006 | ||
| 100 | 1 |
_aDe Boulois,Xavier Dupré _eAuteur |
|
| 245 |
_aLe Pouvoir De Décision Unilatérale: _bÉtude De Droit Comparé Interne/ _cXavier Dupré De Boulois. |
||
| 264 | 1 |
_aParis: _bL.G.D.J, _c2006. |
|
| 300 |
_a444 page ; _c 24 cm. |
||
| 336 |
_2rda contenu _a texte |
||
| 337 |
_2rda medias _aOrdinateur |
||
| 338 |
_2 transporteur rda _a Ressource en ligne |
||
| 546 | _aTexte en français | ||
| 650 | 1 | _aDroit Administratif | |
| 650 | 1 | _aAutorité dans la Décision Administrative | |
| 856 | 4 | 0 | _uhttps://fll.law.cu.edu.eg/fulltext/bks/B07-05485.pdf |
| 905 | _a59 | ||
| 942 |
_2ddc _n0 _cBK _e21 |
||
| 999 |
_c76462 _d76462 |
||